ARRUPE JESUIT UNIVERSITY

CORONAVIRUS -STOP THE SPREAD - CLEAN,DISINFECT,COVER

Beads and strands : (Record no. 117901)

MARC details
000 -LEADER
fixed length control field 01062cam a22002894a 4500
001 - CONTROL NUMBER
control field 13564823
003 - CONTROL NUMBER IDENTIFIER
control field ARRUPE
005 - DATE AND TIME OF LATEST TRANSACTION
control field 20140624020005.0
008 - FIXED-LENGTH DATA ELEMENTS--GENERAL INFORMATION
fixed length control field 040420s2004 nyu b 001 0 eng
010 ## - LIBRARY OF CONGRESS CONTROL NUMBER
LC control number 2004049551
020 ## - INTERNATIONAL STANDARD BOOK NUMBER
International Standard Book Number 1570755434 (pbk.)
040 ## - CATALOGING SOURCE
Original cataloging agency DLC
Transcribing agency DLC
Modifying agency DLC
042 ## - AUTHENTICATION CODE
Authentication code pcc
043 ## - GEOGRAPHIC AREA CODE
Geographic area code f------
050 00 - LIBRARY OF CONGRESS CALL NUMBER
Classification number BR1360
Item number .O36 2004
300 ## - PHYSICAL DESCRIPTION
Dimensions 24 cm.
100 1# - MAIN ENTRY--PERSONAL NAME
Personal name Oduyoye, Mercy Amba.
9 (RLIN) 652
245 10 - TITLE STATEMENT
Title Beads and strands :
Remainder of title reflections of an African woman on Christianity in Africa /
Statement of responsibility, etc Mercy Amba Oduyoye.
260 ## - PUBLICATION, DISTRIBUTION, ETC. (IMPRINT)
Place of publication, distribution, etc Maryknoll, New York :
Name of publisher, distributor, etc Orbis Books
Date of publication, distribution, etc c2004.
300 ## - PHYSICAL DESCRIPTION
Extent xiii, 114 p.;
440 #0 - SERIES STATEMENT/ADDED ENTRY--TITLE
Title Theology in Africa series
9 (RLIN) 653
504 ## - BIBLIOGRAPHY, ETC. NOTE
Bibliography, etc Includes bibliographical references and index.
650 #0 - SUBJECT ADDED ENTRY--TOPICAL TERM
Topical term or geographic name as entry element Christianity
Geographic subdivision Africa.
9 (RLIN) 654
650 #0 - SUBJECT ADDED ENTRY--TOPICAL TERM
Topical term or geographic name as entry element Women in Christianity
Geographic subdivision Africa.
9 (RLIN) 655
906 ## - LOCAL DATA ELEMENT F, LDF (RLIN)
a 7
b cbc
c orignew
d 1
e ocip
f 20
g y-gencatlg
942 ## - ADDED ENTRY ELEMENTS (KOHA)
Source of classification or shelving scheme Library of Congress Classification
Koha item type Monograph ( Printed materials)
Koha issues (borrowed), all copies 1
Holdings
Withdrawn status Lost status Source of classification or shelving scheme Damaged status Not for loan Home library Current library Shelving location Date acquired Total Checkouts Full call number Barcode Date last seen Date checked out Price effective from Koha item type
    Library of Congress Classification     ARRUPE LIBRARY ARRUPE LIBRARY Main Collection 18/09/2013 2 BR1360 .O36 2004 46408894 26/04/2019 27/03/2019 18/09/2013 Monograph ( Printed materials)

 

Arrupe Library. PO Box MP320 Mt Pleasant, Harare, Zimbabwe
263 242 745411|librarian@aju.ac.zw